Quiz o roku 2023 - Statystyki

Ogólne statystyki
  • Ten quiz został rozwiązany 18 razy
  • Średni wynik to 7 z 20
Statystyki odpowiedzi
Podpowiedź Odpowiedź % Poprawnych
Tak do lipca nazywał się serwis społecznościowy 𝕏 Twitter
100%
Spopularyzowany w 2023 czat oparty w pełni na sztucznej inteligencji, odpowiada za niego firma OpenAI ChatGPT
94%
Gra wideo na bazie uniwersum Harry'ego Pottera, wywołała kontrowersje związane z poglądami J.K. Rowling Hogwarts Legacy
59%
Po 30 latach emisji tego teleturnieju w końcu pojawił się uczestnik zdobywający maksymalną ilość punktów. Był nim Artur Baranowski. Jeden z Dziesięciu
59%
Największa drama w historii polskiego YouTube'a - w ciągu 2 tygodni wyciągnięto na światło dzienne nieznane fakty o YouTuberach, gdzie w przypadku kilkunastu z nich udowodniono zarzuty o pedofilię Pandora Gate
53%
Polska produkcja nominowana do Oscara, oraz adaptacja powieści W. Reymonta. Każda klatka filmu została osobno namalowana na płótnie Chłopi
47%
Organizacja freak-fightowa zamknięta w czerwcu po ujawnieniu ich powiązań z Razmanem Kadyrowem, przywódcą Czeczenii. High League
41%
Program informacyjny w TVP1 po "nielegalnym" przejęciu jej przez nową władzę i9.30
35%
O tym starożytnym państwie, wedle trendu z 2023, nieustannie myślą mężczyźni o Cesarstwie Rzymskim
35%
Film Agnieszki Holland zainspirowany kryzysem na granicy z Białorusią, był przedmiotem ostrych sporów między recenzentami z lewej i prawej strony politycznej. Zielona Granica
35%
Domniemana polska celebrytka i gwiazda Bollywood, której kariera została zweryfikowana przez Krzysztofa Stanowskiego jako fałszywa Natalia Janoszek
29%
Właściciel większej połowy wsi Adamczycha z serialu 1670, pragnie zostać największym ... w historii Polski Janem Pawłem
24%
Zmarły włoski polityk będący niegdyś premierem kraju z ramienia partii Forza Italia, a także były właściciel AC Milanu Silvio Berlusconi
24%
Potoczne określone fenomenu dwóch największych premier filmowych tamtego roku, które odbyły się tego samego dnia - 21 lipca Barbenheimer
18%
Irlandzka piosenkarka zmarła w czerwcu, znana za sprawą coveru utworu Prince'a i budzący kontrowersje wizerunek medialny Sinead O'Connor
18%
Pod tym adresem w Krakowie znaduje się okno Papieskie, tą samą nazwę posiada też reportaż TVN24 z 2023 dotyczący rzekomego tuszowania pedofilii przez Jana Pawła II Franciszkańska 3
12%
Napój wprowadzony latem w amerykańskich McDonaldach, nawiązujący do kojarzonej w popkulturze postaci z lat 70. Grimace Shake
12%
Firma odpowiedzialna za nieudaną ekspedycję do wraku Titanica OceanGate
12%
Ten religijny przedmiot zgasił Grzegorz Braun na terenie sejmu Świece Chanukowe
12%
Tego dnia wznowiono konflikt zbrojny uznawany za najbardziej krwawy na bliskim wschodzie od 50 lat. Rozpoczęty przez Hamas, obfitował w liczne zbrodnie wojenne i Izraelskie ludobójstwo w Strefie Gazy 7 października
6%
Nie znaleziono quizów pasujących do podanych kryteriów
Rozkład punktacji
Procent ludzi z każdym wynikiem
Percentyl według liczby udzielonych odpowiedzi
Twoja historia wyników
Nie rozwiązałeś tego quizu